00276nam a2200109Ia 4500008004100000041001200041082001100053100001800064245007200082260000600154650000600160221030s9999 xx 000 0 und d aEnglish a105.23 aA. N. Agrawal 0aIndian Economy Problems of Development & Planningcby A. N. Agrawal c0 aB